000 00858nam a2200205Ia 4500
001 18182
003 GE_BSU
008 181216s||||||||xx |||||||||||||| ||und||
020 _a9789941940958
040 _cGE_BSU
080 _a821.353.1-13
245 _aვეფხისტყაოსანი=Витязь в тигровой шкуре
245 _cდედნის კრიტიკული ტექსტი და რუსული თარგმანი არჩილ ხალვაშისა. რედ. რ. ხალვაში. მხატვ.ზ. ხაბაძე
260 _aთბილისი
260 _bქართული წიგნი
260 _c2015
300 _a696გვ.30სმ.
653 _aვეფხისტყაოსანი=Витязь в тигровой шкуре
942 _cBK
999 _c51222
_d51222